World Capitals from Serbian to English #1 - Statistics

General Stats
  • This quiz has been taken 149 times
  • The average score is 9 of 10
Answer Stats
Serbian English % Correct
Kopenhagen Copenhagen
98%
Beograd Belgrade
97%
Vašington Washington
95%
Kairo Cairo
92%
Atina Athens
89%
Karakas Caracas
86%
Džakarta Jakarta
85%
Rim Rome
85%
Pjongjang Pyongyang
84%
Kito Quito
67%
No matching quizzes found
Score Distribution
Percent of People with Each Score
Percentile by Number Answered
Your Score History
You have not taken this quiz